LEADER 00727nam0-22002891i-450- 001 990003028460403321 035 $a000302846 035 $aFED01000302846 035 $a(Aleph)000302846FED01 035 $a000302846 100 $a20000920d1962----km-y0itay50------ba 101 0 $afre 102 $aIT 200 1 $a<>classes sociales$fÉmile Pin. 210 $aParis$cSpes$d1962. 215 $a253 p.$d19 cm 225 1 $aSociologie d'aujourd'hui 676 $a14200 676 $a14230 700 1$aPin,$bEmile$0177573 801 0$aIT$bUNINA$gRICA$2UNIMARC 901 $aBK 912 $a990003028460403321 952 $a14230 PIN$b020622$fSES 959 $aSES 996 $aClasses sociales$9463934 997 $aUNINA